Plan de manejo para la recuperación de la microcuenca La Aldana - San Nicolás (Registro nro. 5777)

Detalles MARC
000 -CABECERA
Campo de control 00826nam a2200217 a 4500
005 - FECHA Y HORA DE LA ULTIMA TRANSACCION
Campo de control 20160809121558.0
008 - ELEMENTOS DE LONGITUD FIJA—INFORMACION GENERAL
Campo de control 160809t2004 ck a||||r|||| 00| 0 spa d
040 ## - FUENTE DE CATALOGACIÓN
Agencia catalogadora original CO-BoIAVH
Agencia transcriptora CO-BoIAVH
041 0# - IDIOMA
Código de idioma para texto/pista de sonido o título separado Español
044 ## - PAÍS DE PUBLICACIÓN
País de publicación Colombia
082 04 - NUMERO DE CLASIFICACION DECIMAL DEWEY
Número de clasificación 628.15
Número del ítem P69p
245 00 - MENCION DE TITULO
Título Plan de manejo para la recuperación de la microcuenca La Aldana - San Nicolás
260 ## - PUBLICACION, DISTRIBUCION, ETC. (PIE DE IMPRENTA)
Lugar de publicación, distribución, etc. [Armenia?] :
Nombre del editor, distribuidor, etc. ADECOQUIN,
Fecha de publicación, distribución, etc. 2004.
300 ## - DESCRIPCION FISICA
Extensión 42 páginas :
Otros detalles físicos ilustraciones ;
Dimensiones 21 x 27 cm.
650 26 - ASIENTO SECUNDARIO DE MATERIA - TERMINO TEMATICO
Término temático o nombre geográfico como elemento de entrada Cuencas hidrográficas
Subdivisión general conservación
Subdivisión geográfica Armenia (Quindío, Colombia)
9 (RLIN) 74128
650 26 - ASIENTO SECUNDARIO DE MATERIA - TERMINO TEMATICO
Término temático o nombre geográfico como elemento de entrada Cuencas hidrográficas
Subdivisión general Gestión ambiental
Subdivisión geográfica Armenia (Quindío, Colombia)
9 (RLIN) 74129
650 26 - ASIENTO SECUNDARIO DE MATERIA - TERMINO TEMATICO
Término temático o nombre geográfico como elemento de entrada Fauna
Subdivisión general conservación
9 (RLIN) 74130
650 26 - ASIENTO SECUNDARIO DE MATERIA - TERMINO TEMATICO
Término temático o nombre geográfico como elemento de entrada Flora
Subdivisión general conservación
9 (RLIN) 74131
710 2# - ASIENTO SECUNDARIO - NOMBRE CORPORATIVO
Nombre corporativo o de jurisdicción como elemento de entrada Asociación de Desarrollo Comunitario en el Quindío
9 (RLIN) 74132
942 ## - ELEMENTOS ADICIONALES (KOHA)
Tipo de ítem Libro
Sistema de clasificación Dewey Decimal Classification
Existencias
Withdrawn status Lost status Sistema de Clasificación Damaged status No para préstamo Colección Inventariado Ubicación Permanente Ubicación actual Fecha de adquisición Fuente de Valor Valor Total Checkouts Número topográfico Inventario / Código de Barras Date last seen Ejemplar Price effective from Forma de adquisición Tipo de material
    Dewey Decimal Classification     General Inventariado 2017 Bogotá Bogotá 03/03/2014 Instituto 15000.00   LB-628.15 P69p 034098 03/03/2014 Ej. 1 03/03/2014 Donación Libro
    Dewey Decimal Classification     General Inventariado 2017 Sala Fabio Quevedo Sala Fabio Quevedo 16/08/2007 Instituto 15000.00   LB-628.15 P69p 025055 04/12/2012 Ej.1 04/12/2012 Donación Libro
    Dewey Decimal Classification     General Inventariado 2017 Sala Fabio Quevedo Sala Fabio Quevedo 16/08/2007 Instituto 15000.00   LB-628.15 P69p 025056 04/12/2012 Ej. 2 04/12/2012 Donación Libro